[Event "IECC Swiss-574.2"]
[Site "IECC email"]
[Date "2015.10.30"]
[Round "?"]
[White "Livelo, Joey Darvin"]
[Black "Winbush, Jerome"]
[Result "0-1"]
[WhiteElo "1207"]
[BlackElo "1576"]
[PlyCount "44"]
[EventDate "2015.??.??"]
[EventType "swiss (corr)"]
[EventRounds "1"]
[SourceTitle "Corr 2020"]
[Source "ChessBase"]
[SourceDate "2019.09.30"]
[SourceVersion "1"]
[SourceVersionDate "2019.09.30"]
[SourceQuality "1"]
[WhiteTeam "Philippines"]
[BlackTeam "United States"]
[WhiteTeamCountry "PHI"]
[BlackTeamCountry "USA"]

1. e4 c6 2. d4 d5 3. e5 Bf5 4. g4 Bd7 5. Nd2 c5 6. Nb3 c4 7. Nc5 Bc6 8. b3 b6 9. Na4 Bxa4 10. bxa4 e6 11. c3 Nc6 12. Nh3 f6 13. f4 Qd7 14. Be2 0-0-0 15. Bb2 Nge7 16. Ba3 h5 17. gxh5 Nf5 18. Bxf8 Rdxf8 19. Rg1 Qe7 20. Qc1 fxe5 21. fxe5 Qh4+ 22. Nf2 Nfxd4 0-1

[Event "IECC Swiss-561.2"]
[Site "IECC email"]
[Date "2012.10.18"]
[Round "?"]
[White "Livelo, Joey Darvin"]
[Black "Corbacho, Jose Luis"]
[Result "0-1"]
[WhiteElo "1198"]
[BlackElo "1653"]
[PlyCount "64"]
[EventDate "2012.??.??"]
[EventType "swiss (corr)"]
[EventRounds "1"]
[SourceTitle "Telechess CBM 165"]
[Source "ChessBase"]
[SourceDate "2015.03.11"]
[SourceVersion "1"]
[SourceVersionDate "2015.03.11"]
[SourceQuality "1"]
[WhiteTeam "Philippines"]
[BlackTeam "Spain"]
[WhiteTeamCountry "PHI"]
[BlackTeamCountry "ESP"]

1. e4 e5 2. Nf3 d6 3. d4 f5 4. Nc3 fxe4 5. Nxe4 d5 6. Nc3 e4 7. Ne5 Nf6 8. Be2 Bd6 9. Bg5 c6 10. Ng4 Nbd7 11. 0-0 0-0 12. f3 e3 13. Nxe3 Qc7 14. f4 h6 15. Bh4 Bxf4 16. Ng4 Nxg4 17. Bxg4 Bxh2+ 18. Kh1 Rxf1+ 19. Qxf1 Nf6 20. Bxc8 Rxc8 21. Qf5 Rf8 22. Qe6+ Kh8 23. Rf1 Bf4 24. Ne2 Re8 25. Nxf4 Rxe6 26. Nxe6 Qe7 27. Re1 Qb4 28. b3 Ne4 29. Rf1 g5 30. Be1 Qd6 31. Nf8 Ng3+ 32. Bxg3 Qxg3 0-1

[Event "LSS OP-2006-0-00179"]
[Site "LSS email"]
[Date "2006.10.14"]
[Round "?"]
[White "Livelo, Joey Darvin"]
[Black "Siger, Imre Csaba"]
[Result "0-1"]
[WhiteElo "1067"]
[BlackElo "2034"]
[PlyCount "28"]
[EventDate "2006.10.06"]
[EventType "tourn (corr)"]
[EventRounds "4"]
[EventCountry "GER"]
[SourceTitle "Corr 2015"]
[Source "ChessBase"]
[SourceDate "2015.07.17"]
[SourceVersion "1"]
[SourceVersionDate "2015.07.17"]
[SourceQuality "1"]

1. e4 c6 2. d4 d5 3. Nc3 dxe4 4. Nxe4 Nd7 5. Nf3 Ngf6 6. Bd3 Nxe4 7. Bxe4 Nf6 8. Bd3 Bg4 9. h3 Bxf3 10. Qxf3 Qxd4 11. 0-0 e6 12. Be3 Qd5 13. Qxd5 Nxd5 14. Bd4 0-0-0 0-1

[Event "CFriend RL-2005-0-00034 email"]
[Site "Chessfriend.com"]
[Date "2005.05.02"]
[Round "1"]
[White "Feng, Jason"]
[Black "Livelo, Joey Darvin"]
[Result "1-0"]
[WhiteElo "1432"]
[BlackElo "1017"]
[PlyCount "47"]
[EventDate "2005.05.02"]
[EventType "tourn (corr)"]
[EventRounds "6"]
[SourceTitle "Corr 2008"]
[Source "ChessBase"]
[SourceDate "2008.06.24"]
[SourceVersion "1"]
[SourceVersionDate "2008.06.24"]
[SourceQuality "1"]

1. e4 e6 2. Nf3 d5 3. Nc3 c5 4. d4 dxe4 5. Nxe4 Nf6 6. Bg5 cxd4 7. Bxf6 gxf6 8. Qxd4 Qxd4 9. Nxd4 Ke7 10. Nb5 Nc6 11. c3 b6 12. Nc7 Rb8 13. Rd1 Rb7 14. Nb5 Rd7 15. Nbd6 Bg7 16. Bb5 Rc7 17. f4 a6 18. Be2 Nb8 19. f5 Bb7 20. Nxb7 Rxb7 21. a4 Rd7 22. Rxd7+ Kxd7 23. Kf2 Rd8 24. Rd1+ 1-0

[Event "CFriend RL-2005-0-00034 email"]
[Site "Chessfriend.com"]
[Date "2005.05.02"]
[Round "1"]
[White "Livelo, Joey Darvin"]
[Black "Boni, Roberto"]
[Result "0-1"]
[WhiteElo "1017"]
[BlackElo "1142"]
[PlyCount "32"]
[EventDate "2005.05.02"]
[EventType "tourn (corr)"]
[EventRounds "6"]
[SourceTitle "Corr 2008"]
[Source "ChessBase"]
[SourceDate "2008.06.24"]
[SourceVersion "1"]
[SourceVersionDate "2008.06.24"]
[SourceQuality "1"]

1. e4 e5 2. Nf3 Nc6 3. Bc4 Nf6 4. d3 Bc5 5. 0-0 0-0 6. c3 Bb6 7. b4 d6 8. Qb3 a5 9. b5 Ne7 10. a4 Ng6 11. Bg5 h6 12. Bxf6 Qxf6 13. h3 Nf4 14. Kh2 Nxh3 15. gxh3 Qxf3 16. Rh1 Qxf2# 0-1

[Event "CFriend SL-2004-0-00024 email"]
[Site "Chessfriend.com"]
[Date "2004.11.13"]
[Round "1"]
[White "Livelo, Joey Darvin"]
[Black "Stadler, Pavel"]
[Result "0-1"]
[WhiteElo "1017"]
[BlackElo "1629"]
[PlyCount "76"]
[EventDate "2004.??.??"]
[EventType "tourn (corr)"]
[EventRounds "6"]
[SourceTitle "Corr 2008"]
[Source "ChessBase"]
[SourceDate "2008.06.24"]
[SourceVersion "1"]
[SourceVersionDate "2008.06.24"]
[SourceQuality "1"]

1. e4 c5 2. Nc3 Nc6 3. g3 g6 4. Bg2 Bg7 5. Nge2 d6 6. 0-0 Nf6 7. d3 0-0 8. f4 Rb8 9. h3 Bd7 10. Be3 b5 11. Qd2 b4 12. Nd1 a5 13. g4 e6 14. Ng3 Nd4 15. f5 exf5 16. exf5 gxf5 17. Nxf5 Nxf5 18. gxf5 Qc8 19. Bf4 Rb6 20. Bh6 Bxh6 21. Qxh6 Qd8 22. Rf3 Kh8 23. Rg3 Rg8 24. Rxg8+ Nxg8 25. Qh5 Qf6 26. Be4 d5 27. Bg2 Ne7 28. Ne3 Qxb2 29. Rf1 Qd4 30. Qg5 Nxf5 31. Qd8+ Kg7 32. Qxd7 Qxe3+ 33. Kh2 Qe5+ 34. Kg1 Rf6 35. Qxd5 Qe3+ 36. Kh2 Qg3+ 37. Kh1 Ne3 38. Rxf6 Nxd5 0-1

[Event "IECG CF.2004.0.00065 email"]
[Site "IECG email"]
[Date "2004.10.25"]
[Round "?"]
[White "Metz, Larry R"]
[Black "Livelo, Joey Darvin"]
[Result "1-0"]
[WhiteElo "1100"]
[BlackElo "1193"]
[PlyCount "37"]
[EventDate "2004.10.25"]
[EventType "tourn (corr)"]
[EventRounds "6"]
[SourceTitle "Corr 2008"]
[Source "ChessBase"]
[SourceDate "2008.06.24"]
[SourceVersion "1"]
[SourceVersionDate "2008.06.24"]
[SourceQuality "1"]

1. e4 e6 2. d4 d5 3. Nd2 c5 4. exd5 Qxd5 5. Ngf3 cxd4 6. Bc4 Qd6 7. Qe2 Nf6 8. Nb3 Nc6 9. Bg5 Be7 10. 0-0-0 h6 11. Nbxd4 hxg5 12. Nxe6 Qb8 13. Nexg5 Qf4+ 14. Kb1 0-0 15. g3 Qc7 16. Nxf7 Rxf7 17. Ng5 Ne5 18. Bb3 Nfd7 19. Nxf7 1-0

[Event "IECC CL6-2004.19 email"]
[Site "IECC email"]
[Date "2004.09.15"]
[Round "?"]
[White "Livelo, Joey Darvin"]
[Black "Wey, Geoffrey"]
[Result "1-0"]
[WhiteElo "1295"]
[BlackElo "1370"]
[PlyCount "33"]
[EventDate "2004.??.??"]
[EventType "tourn (corr)"]
[EventRounds "4"]
[SourceTitle "Corr 2008"]
[Source "ChessBase"]
[SourceDate "2008.06.24"]
[SourceVersion "1"]
[SourceVersionDate "2008.06.24"]
[SourceQuality "1"]

1. e4 e6 2. d4 d5 3. Nc3 Bb4 4. exd5 exd5 5. Qf3 Nf6 6. Bg5 Nbd7 7. 0-0-0 Bxc3 8. bxc3 0-0 9. Ne2 c5 10. Nf4 Qa5 11. Kb2 Ne4 12. Be7 Re8 13. Nxd5 Nb6 14. Qxe4 Na4+ 15. Kc1 Be6 16. Bd3 g6 17. Nf6+ 1-0

[Event "IECC CL6-2004.19 email"]
[Site "IECC email"]
[Date "2004.09.15"]
[Round "?"]
[White "Mauro, Danilo"]
[Black "Livelo, Joey Darvin"]
[Result "1/2-1/2"]
[WhiteElo "1286"]
[BlackElo "1245"]
[PlyCount "33"]
[EventDate "2004.??.??"]
[EventType "tourn (corr)"]
[EventRounds "4"]
[SourceTitle "Corr 2008"]
[Source "ChessBase"]
[SourceDate "2008.06.24"]
[SourceVersion "1"]
[SourceVersionDate "2008.06.24"]
[SourceQuality "1"]

1. e4 e6 2. d4 d5 3. Nc3 Bb4 4. e5 c5 5. a3 Bxc3+ 6. bxc3 Qc7 7. Nf3 b6 8. a4 Ba6 9. Bxa6 Nxa6 10. Qd3 Nb8 11. 0-0 Ne7 12. Ba3 Nd7 13. c4 Rc8 14. cxd5 Nxd5 15. c4 Nb4 16. Qe4 Qc6 17. Qxc6 1/2-1/2

[Event "IECC M-5117"]
[Site "IECC email"]
[Date "2004.09.09"]
[Round "?"]
[White "Palmer, Frederick"]
[Black "Livelo, Joey Darvin"]
[Result "1/2-1/2"]
[WhiteElo "1372"]
[BlackElo "1409"]
[PlyCount "103"]
[EventDate "2004.??.??"]
[EventType "tourn (corr)"]
[EventRounds "10"]
[SourceTitle "Corr 2020"]
[Source "ChessBase"]
[SourceDate "2019.09.30"]
[SourceVersion "1"]
[SourceVersionDate "2019.09.30"]
[SourceQuality "1"]
[WhiteTeam "United States"]
[BlackTeam "Philippines"]
[WhiteTeamCountry "USA"]
[BlackTeamCountry "PHI"]

1. g3 e5 2. d4 exd4 3. Nf3 c5 4. c3 d5 5. cxd4 Nf6 6. Nc3 Nc6 7. Bg2 cxd4 8. Nxd4 Nxd4 9. Qxd4 Be6 10. 0-0 Qa5 11. Bg5 Bc5 12. Qe5 Be7 13. e4 0-0 14. Nxd5 Qd8 15. Nxe7+ Qxe7 16. Rac1 Rac8 17. Rfd1 h6 18. Bxf6 Qxf6 19. Qxf6 gxf6 20. f4 f5 21. exf5 Bxf5 22. Bxb7 Rxc1 23. Rxc1 Rd8 24. b4 Rd2 25. a3 Ra2 26. Rc5 Bg6 27. Ra5 Ra1+ 28. Kf2 Ra2+ 29. Ke3 Rxh2 30. Rxa7 Kg7 31. Be4 Bh5 32. Bf5 Rg2 33. g4 Bxg4 34. Bxg4 Rxg4 35. b5 Rg3+ 36. Kd4 h5 37. b6 Rb3 38. Kc5 h4 39. Re7 Rxa3 40. b7 Rb3 41. Kc6 h3 42. Re1 h2 43. Rh1 Rc3+ 44. Kb6 Rb3+ 45. Kc7 Rc3+ 46. Kb8 Rc2 47. Ka7 Ra2+ 48. Kb8 Kf6 49. Rc1 Kf5 50. Kc7 Rb2 51. b8Q Rxb8 52. Kxb8 1/2-1/2

[Event "IECC Swiss-488.1"]
[Site "IECC email"]
[Date "2004.08.06"]
[Round "?"]
[White "Bladyko, Pawel"]
[Black "Livelo, Joey Darvin"]
[Result "1/2-1/2"]
[WhiteElo "1787"]
[BlackElo "1350"]
[PlyCount "50"]
[EventDate "2004.??.??"]
[EventType "swiss (corr)"]
[EventRounds "1"]
[SourceTitle "Corr 2020"]
[Source "ChessBase"]
[SourceDate "2019.09.30"]
[SourceVersion "1"]
[SourceVersionDate "2019.09.30"]
[SourceQuality "1"]
[WhiteTeam "Poland"]
[BlackTeam "Philippines"]
[WhiteTeamCountry "POL"]
[BlackTeamCountry "PHI"]

1. e4 e6 2. d4 d5 3. e5 c5 4. c3 Nc6 5. Nf3 Qb6 6. dxc5 Bxc5 7. Qe2 Qc7 8. Be3 Bxe3 9. Qxe3 Nge7 10. Bd3 Ng6 11. Bxg6 hxg6 12. Na3 a6 13. Rd1 b5 14. h3 Bb7 15. Nc2 Rh5 16. g4 Rh6 17. Rh2 Ke7 18. Ncd4 Na5 19. Nd2 Rah8 20. f4 Nc4 21. Nxc4 bxc4 22. Kf1 Rc8 23. Rb1 Bc6 24. Kg1 Bd7 25. Rc1 Rch8 1/2-1/2

[Event "IECC M-4932"]
[Site "IECC email"]
[Date "2004.01.23"]
[Round "?"]
[White "Livelo, Joey Darvin"]
[Black "Irving, Alastair"]
[Result "1-0"]
[WhiteElo "1244"]
[BlackElo "1227"]
[PlyCount "47"]
[EventDate "2004.??.??"]
[EventType "tourn (corr)"]
[EventRounds "10"]
[SourceTitle "Corr 2020"]
[Source "ChessBase"]
[SourceDate "2019.09.30"]
[SourceVersion "1"]
[SourceVersionDate "2019.09.30"]
[SourceQuality "1"]
[WhiteTeam "Philippines"]
[BlackTeam "England"]
[WhiteTeamCountry "PHI"]
[BlackTeamCountry "ENG"]

1. e4 c5 2. Nc3 Nc6 3. g3 g6 4. Bg2 Bg7 5. d3 d6 6. f4 Nf6 7. Nge2 0-0 8. 0-0 Bg4 9. h3 Bxe2 10. Qxe2 b5 11. f5 e6 12. Nxb5 Qb6 13. Na3 c4+ 14. Be3 Qxb2 15. Nxc4 Nd4 16. Nxb2 Nxe2+ 17. Kf2 Nxe4+ 18. Bxe4 Bxb2 19. Kxe2 Bxa1 20. Bxa8 Rxa8 21. Rxa1 exf5 22. Rb1 Re8 23. Kf3 Re7 24. Rb8+ 1-0

[Event "IECG QE.2004.0.00063"]
[Site "IECG email"]
[Date "2004.01.22"]
[Round "?"]
[White "Howes, Tony"]
[Black "Livelo, Joey Darvin"]
[Result "1/2-1/2"]
[WhiteElo "1374"]
[BlackElo "1350"]
[PlyCount "50"]
[EventDate "2004.01.22"]
[EventType "tourn (corr)"]
[EventRounds "6"]
[SourceTitle "Corr 2008"]
[Source "ChessBase"]
[SourceDate "2008.06.24"]
[SourceVersion "1"]
[SourceVersionDate "2008.06.24"]
[SourceQuality "1"]

1. Nf3 Nf6 2. c4 g6 3. b4 Bg7 4. Bb2 0-0 5. g3 d6 6. Bg2 c6 7. 0-0 Nbd7 8. d3 Qb6 9. Qb3 a5 10. a3 axb4 11. axb4 Rxa1 12. Bxa1 Nc5 13. Qa3 Na6 14. Bc3 Bd7 15. Nbd2 Ra8 16. Ra1 Nc7 17. Qb2 Rxa1+ 18. Qxa1 Qa6 19. Nd4 Qxa1+ 20. Bxa1 d5 21. N4b3 b6 22. e4 e6 23. c5 b5 24. Bxf6 Bxf6 25. d4 Na6 1/2-1/2

[Event "IECG QE.2004.0.00063"]
[Site "IECG email"]
[Date "2004.01.22"]
[Round "?"]
[White "Livelo, Joey Darvin"]
[Black "Parry, Andrew"]
[Result "0-1"]
[WhiteElo "1350"]
[BlackElo "1229"]
[PlyCount "32"]
[EventDate "2004.01.22"]
[EventType "tourn (corr)"]
[EventRounds "6"]
[SourceTitle "Corr 2008"]
[Source "ChessBase"]
[SourceDate "2008.06.24"]
[SourceVersion "1"]
[SourceVersionDate "2008.06.24"]
[SourceQuality "1"]

1. e4 c5 2. Nc3 Nc6 3. g3 g6 4. Bg2 Bg7 5. d3 d6 6. f4 e6 7. Nf3 Nge7 8. 0-0 0-0 9. Be3 Nd4 10. Ng5 Rb8 11. g4 f5 12. Rb1 fxg4 13. Qxg4 h6 14. Nh3 Nxc2 15. Ne2 Nxe3 16. Qg3 Nxf1 0-1

[Event "IECG QE.2004.0.00063"]
[Site "IECG email"]
[Date "2004.01.22"]
[Round "?"]
[White "Parry, Andrew"]
[Black "Livelo, Joey Darvin"]
[Result "1-0"]
[WhiteElo "1229"]
[BlackElo "1350"]
[PlyCount "37"]
[EventDate "2004.01.22"]
[EventType "tourn (corr)"]
[EventRounds "6"]
[SourceTitle "Corr 2008"]
[Source "ChessBase"]
[SourceDate "2008.06.24"]
[SourceVersion "1"]
[SourceVersionDate "2008.06.24"]
[SourceQuality "1"]

1. e4 e6 2. d4 d5 3. Nc3 Bb4 4. e5 c5 5. a3 Bxc3+ 6. bxc3 Qc7 7. Nf3 Ne7 8. a4 Bd7 9. Bd3 0-0 10. 0-0 Nf5 11. dxc5 Rc8 12. Re1 Qxc5 13. g4 Ne7 14. Ba3 Qxc3 15. Bxe7 Nc6 16. Ra3 Qa5 17. Bd6 Nb4 18. Qd2 b6 19. Bxb4 1-0

[Event "IECG CE.2004.0.00066 email"]
[Site "IECG email"]
[Date "2004.01.15"]
[Round "?"]
[White "Boyd, John Michael"]
[Black "Livelo, Joey Darvin"]
[Result "1/2-1/2"]
[WhiteElo "1250"]
[BlackElo "1350"]
[PlyCount "52"]
[EventDate "2004.01.15"]
[EventType "tourn (corr)"]
[EventRounds "6"]
[SourceTitle "Corr 2008"]
[Source "ChessBase"]
[SourceDate "2008.06.24"]
[SourceVersion "1"]
[SourceVersionDate "2008.06.24"]
[SourceQuality "1"]

1. b3 d5 2. e3 e5 3. Bb2 Nc6 4. Bb5 Bd6 5. c4 a6 6. c5 axb5 7. cxd6 Qxd6 8. Ne2 Nf6 9. d3 0-0 10. Nd2 Bf5 11. d4 e4 12. Ng3 Bg6 13. h4 Nb4 14. 0-0 h5 15. Ne2 Nxa2 16. Qb1 Ng4 17. g3 Nb4 18. Ba3 b6 19. Nf4 c5 20. Bxb4 cxb4 21. Rxa8 Rxa8 22. Rc1 Nf6 23. Nxg6 fxg6 24. Nf1 Qd7 25. Kg2 Ra3 26. Nh2 Kh7 1/2-1/2

[Event "IECG CE.2004.0.00066 email"]
[Site "IECG email"]
[Date "2004.01.15"]
[Round "?"]
[White "Livelo, Joey Darvin"]
[Black "Corradetti, Roberto"]
[Result "0-1"]
[WhiteElo "1350"]
[BlackElo "1200"]
[PlyCount "66"]
[EventDate "2004.01.15"]
[EventType "tourn (corr)"]
[EventRounds "6"]
[SourceTitle "Corr 2008"]
[Source "ChessBase"]
[SourceDate "2008.06.24"]
[SourceVersion "1"]
[SourceVersionDate "2008.06.24"]
[SourceQuality "1"]

1. e4 c5 2. Nc3 Nc6 3. g3 Nf6 4. Bg2 e5 5. Nge2 Be7 6. d3 0-0 7. 0-0 d6 8. Nd5 Nxd5 9. exd5 Nd4 10. c3 Nf5 11. Kh1 Bd7 12. f4 exf4 13. Bxf4 Re8 14. Qd2 g5 15. Be3 Bf6 16. Be4 Nxe3 17. Qxe3 Bg7 18. Qf3 f5 19. Bxf5 Bxf5 20. Qxf5 Rxe2 21. Qf7+ Kh8 22. Rae1 Rxb2 23. Re7 Qf8 24. Kg1 Qxf7 25. Rfxf7 Bxc3 26. Rxh7+ Kg8 27. Rh6 Kf8 28. Rd7 Rxa2 29. Rhxd6 Bd4+ 30. Kh1 Ra1+ 31. Kg2 g4 32. Rd8+ Rxd8 33. Rxd8+ Ke7 0-1

[Event "IECG CE.2004.0.00066 email"]
[Site "IECG email"]
[Date "2004.01.15"]
[Round "?"]
[White "Sparreboom, Martin"]
[Black "Livelo, Joey Darvin"]
[Result "1-0"]
[WhiteElo "1285"]
[BlackElo "1350"]
[PlyCount "55"]
[EventDate "2004.01.15"]
[EventType "tourn (corr)"]
[EventRounds "6"]
[SourceTitle "Corr 2008"]
[Source "ChessBase"]
[SourceDate "2008.06.24"]
[SourceVersion "1"]
[SourceVersionDate "2008.06.24"]
[SourceQuality "1"]

1. e4 e6 2. d4 d5 3. Nd2 Nf6 4. e5 Nfd7 5. Bd3 c5 6. c3 Nc6 7. Ne2 Qb6 8. Nf3 f6 9. exf6 Nxf6 10. 0-0 cxd4 11. Nexd4 Bc5 12. Be3 0-0 13. Nxc6 bxc6 14. Bxc5 Qxc5 15. Qd2 a5 16. Rfe1 Re8 17. Re3 Ng4 18. Re2 Ba6 19. Bxa6 Rxa6 20. Ng5 e5 21. Qd3 Qb5 22. Qxh7+ Kf8 23. Qh8+ Ke7 24. Qxg7+ Kd8 25. Nf7+ Kc7 26. Nxe5+ Kb6 27. Nd7+ Ka7 28. Rxe8 1-0

[Event "IECG CP.1998.P.00063"]
[Site "IECG email"]
[Date "1998.10.01"]
[Round "?"]
[White "Livelo, Joey Darvin"]
[Black "Saint Amour, Philippe"]
[Result "0-1"]
[WhiteElo "1350"]
[BlackElo "2008"]
[PlyCount "62"]
[EventDate "1998.10.01"]
[EventType "tourn (corr)"]
[EventRounds "6"]
[EventCountry "ITA"]
[SourceTitle "Corr 2008"]
[Source "ChessBase"]
[SourceDate "2008.06.24"]
[SourceVersion "1"]
[SourceVersionDate "2008.06.24"]
[SourceQuality "1"]

1. e4 c5 2. Nc3 Nc6 3. g3 g6 4. Bg2 Bg7 5. d3 d6 6. Be3 Nf6 7. h3 0-0 8. Nge2 Qb6 9. Rb1 Qa5 10. 0-0 Nd7 11. Qc1 b5 12. Bg5 b4 13. Nd5 f6 14. Bd2 e6 15. Ne3 Bb7 16. f4 Ne7 17. Nc4 Qa6 18. Rf2 f5 19. exf5 Bxg2 20. Rxg2 exf5 21. a3 d5 22. Ne3 bxa3 23. bxa3 Rab8 24. Rxb8 Rxb8 25. Nd1 Re8 26. Bc3 Bxc3 27. Nexc3 d4 28. Nb1 Nd5 29. Nd2 Re1+ 30. Kf2 Qe6 31. Kf3 Nc3 0-1

[Event "IECG CP.1998.P.00063"]
[Site "IECG email"]
[Date "1998.10.01"]
[Round "?"]
[White "Ross, John E"]
[Black "Livelo, Joey Darvin"]
[Result "1/2-1/2"]
[WhiteElo "800"]
[BlackElo "1350"]
[PlyCount "78"]
[EventDate "1998.10.01"]
[EventType "tourn (corr)"]
[EventRounds "6"]
[EventCountry "ITA"]
[SourceTitle "Corr 2008"]
[Source "ChessBase"]
[SourceDate "2008.06.24"]
[SourceVersion "1"]
[SourceVersionDate "2008.06.24"]
[SourceQuality "1"]

1. d4 f5 2. Bg5 Nf6 3. Bxf6 exf6 4. e3 d5 5. c4 Bb4+ 6. Nc3 0-0 7. Qb3 Bxc3+ 8. bxc3 c6 9. cxd5 cxd5 10. Ne2 Na6 11. Nf4 Nc7 12. c4 Re8 13. Be2 dxc4 14. Bxc4+ Kh8 15. 0-0 Qd6 16. Rac1 Rb8 17. Rfd1 g5 18. Nd5 Nxd5 19. Bxd5 Be6 20. Bxe6 Rxe6 21. Qa4 Qa6 22. Qd7 Qd6 23. Rc8+ Rxc8 24. Qxc8+ Kg7 25. Qxb7+ Re7 26. Qb1 Qd5 27. a4 Re4 28. Qb5 Qxb5 29. axb5 Re7 30. d5 Kf7 31. h3 Rb7 32. Rc1 Rxb5 33. Rc7+ Kg6 34. d6 Rd5 35. d7 a5 36. Ra7 a4 37. g3 a3 38. f3 a2 39. Kf2 Rxd7 1/2-1/2